LEADER 03338oam 2200709I 450 001 9910451089503321 005 20200520144314.0 010 $a0-203-28270-1 010 $a1-134-51062-4 010 $a1-280-06886-8 010 $a0-203-16722-8 024 7 $a10.4324/9780203167229 035 $a(CKB)1000000000251078 035 $a(EBL)180639 035 $a(OCoLC)437083443 035 $a(SSID)ssj0000300342 035 $a(PQKBManifestationID)12113234 035 $a(PQKBTitleCode)TC0000300342 035 $a(PQKBWorkID)10251914 035 $a(PQKB)11077590 035 $a(SSID)ssj0000376727 035 $a(PQKBManifestationID)11243494 035 $a(PQKBTitleCode)TC0000376727 035 $a(PQKBWorkID)10336675 035 $a(PQKB)11639505 035 $a(MiAaPQ)EBC180639 035 $a(Au-PeEL)EBL180639 035 $a(CaPaEBR)ebr10099290 035 $a(CaONFJC)MIL6886 035 $a(OCoLC)56316452 035 $a(EXLCZ)991000000000251078 100 $a20180706d2002 uy 0 101 0 $aeng 135 $aur|n|---||||| 181 $ctxt 182 $cc 183 $acr 200 10$aIntroduction to longitudinal research /$fElisabetta Ruspini 210 1$aLondon ;$aNew York :$cRoutledge,$d2002. 215 $a1 online resource (225 p.) 225 1 $aSocial research today 300 $aDescription based upon print version of record. 311 $a0-415-26008-6 311 $a0-415-26007-8 320 $aIncludes bibliographical references (p. [184]-200) and index. 327 $aBook Cover; Title; Contents; List of illustrations; List of examples; List of abbreviations; Acknowledgements; Introduction; Longitudinal research; What is longitudinal research?; Longitudinal data: characteristics and analytic advantages; The issues of data collection and comparability within longitudinal research: some examples; Some problems connected with longitudinal research; Longitudinal analysis; An overview of the major techniques needed to perform longitudinal analysis; Conclusions; List of longitudinal studies mentioned in the book 327 $aLongitudinal datasets available in Europe, Russia and North AmericaBibliography; Index 330 $aOne of the major changes in the social science research landscape in recent years has been the introduction of computerised panel surveys in Europe and the US which make longitudinal data widely available to graduate students for the first time. Elisabetta Ruspini here provides a concise yet comprehensive introduction to the issues involved in this kind of research. This book:* Defines the concept of longitudinal research* Gives guidance on sources of longitudinal data in Europe and the US and their strengths and weaknesses* Discusses the choices that need to be made in this kind 410 0$aSocial research today (Routledge (Firm)) 606 $aSocial sciences$xResearch$xMethodology 606 $aSocial sciences$vLongitudinal studies 608 $aElectronic books. 615 0$aSocial sciences$xResearch$xMethodology. 615 0$aSocial sciences 676 $a300/.7/2 700 $aRuspini$b Elisabetta.$0438151 801 0$bFlBoTFG 801 1$bFlBoTFG 906 $aBOOK 912 $a9910451089503321 996 $aIntroduction to longitudinal research$91950391 997 $aUNINA LEADER 02689nam 2200481 450 001 9910155157803321 005 20230810001508.0 035 $a(CKB)3710000000966007 035 $a(MiAaPQ)EBC4756359 035 $a(WSP)000Q0013 035 $a(EXLCZ)993710000000966007 100 $a20161222h20172017 uy 0 101 0 $aeng 135 $aurcnu|||||||| 181 $2rdacontent 182 $2rdamedia 183 $2rdacarrier 200 00$aBiocommunication $esign-mediated interactions between cells and organisms /$feditors, Richard Gordon, Joseph Seckbach 210 1$aNew Jersey :$cWorld Scientific,$d2017. 210 4$dİ2017 215 $a1 online resource (701 pages) 225 0 $aAstrobiology : exploring life on earth and beyond ;$vv. 1 300 $aTitle from PDF file title page (viewed November 17, 2016). 311 $a1-78634-044-5 311 $a1-78634-045-3 320 $aIncludes bibliographical references at the end of each chapters and index. 330 $a"All coordination between cells, organs, and organisms depends on successful biocommunicative processes. There are abundant cases of communication in the biological world, both within (intraspecific) and between (interspecific) single-cell and multicellular microorganisms and higher animal forms. Split into two parts, this book first looks at the history, development and progress within the field of biocommunication. The second part presents real-life case studies and investigation into examples of biocommunication in the biological world. Among the organisms covered are bacteria, fungi, plants, terrestrial and marine animals, including bonobos, chimpanzees and dolphins, as well as a new theory of communication between parts in developing embryos (cybernetic embryos). Contributions from international experts in the field provide up-to-date research and results, while in depth analysis expands on these findings to pave the way for future discoveries. As the first comprehensive review of its kind, it is perfect for undergraduates, graduates, professionals and researchers in the field of life sciences."--Publisher's website. 606 $aInformation theory in biology 606 $aPlant cellular signal transduction 606 $aAnimal communication 615 0$aInformation theory in biology. 615 0$aPlant cellular signal transduction. 615 0$aAnimal communication. 676 $a571.7/42 702 $aGordon$b Richard$f1943- 702 $aSeckbach$b J$g(Joseph), 801 0$bMiAaPQ 801 1$bMiAaPQ 801 2$bMiAaPQ 906 $aBOOK 912 $a9910155157803321 996 $aBiocommunication$92585594 997 $aUNINA